World-Class Footballers in the MLS - Statistics

General Stats
  • This quiz has been taken 37 times
  • The average score is 13 of 20
Answer Stats
Cup with MLS Team Player % Correct
Barcelona (2006, '09, '11, '15) Inter Miami Lionel Messi
93%
Liverpool (2005) LA Galaxy Steven Gerrard
90%
Manchester United (1999) LA Galaxy David Beckham
87%
Manchester United (2017) LA Galaxy Zlatan Ibrahimovic
87%
Chelsea (2012) Montreal Impact Didier Drogba
83%
Chelsea (2012) New York City FC Frank Lampard
80%
Barcelona (2015) Inter Miami Luis Suárez
80%
Barcelona (2009, '11, '15) Inter Miami Sergio Busquets
80%
Barcelona (2009) New York Red Bulls Thierry Henry
80%
Barcelona (2015) Inter Miami Jordi Alba
77%
Manchester United (2008) D.C. United Wayne Rooney
73%
Milan (2007) Orlando City SC Kaká
70%
Milan (2003, '07) New York City FC Andrea Pirlo
63%
Bayern Munich (2013) Chicago Fire Bastian Schweinsteiger
57%
Manchester United (2008) Orlando City SC Nani
57%
Barcelona (2011) New York City FC David Villa
53%
Chelsea (2021) LAFC Olivier Giroud
47%
Milan (2003, '07) Montreal Impact Alessandro Nesta
30%
Barcelona (2006, '09) New York Red Bulls Rafael Márquez
20%
Chelsea (2012) LA Galaxy Ashley Cole
17%
No matching quizzes found
Score Distribution
Percent of People with Each Score
Percentile by Number Answered
Your Score History
You have not taken this quiz